1986 1669 1609 1896 1433 1299 1933 1766 1409 1944 1667 1154 1026 1431 1448 1255 1573 1034 1295 1406 1274 1177 1829 1378 1858 1845 1628 1457 1408 1532 1125 1290 1713 1880 1255 1736 1992 1737 1856 1058 1436 1237 1902 1719 1582 1166 1038 1406 1782 1758 1573 1566 1407 1384 1417 1976 1346 1917 1908 1558 1887 1198 1181 1676 1891 1000 1929 1027 1869 1598 1854 1138 1787 1447 1692 1184 1730 1503 1987 1874 1613 1341 1440 1877 1781 1595 1048 1834 1789 1530 1286 1058 1096 1927 1740 1961 1673 1894 1671 BCNSPRNW ULIB Ver.6.0+V

เปลี่ยนเป็นภาษาไทย

Change to English
 แสดงรายละเอียดบรรณานุกรม
  กลับหน้าหลัก

Brief Record : Get Marc (ISO 2709) : E-mail record : QR code < ปิดหน้าต่าง
LEADER : 00000nam 2200000uu 4500
001    13399123204
003     ULIB
008    020711s2551 th a 000 0 tha d
020    9789749694428
090    นว.^bว298พ
100    วรางคณา
245    พฤกษาพาฝัน/^cวรางคณา
250    พิมพ์ครั้งที่ 1
260    กรุงเทพฯ :^bดอกหญ้า,^c2551
300    200 หน้า;^b21 ซม.
710    ดอกหญ้า
945    ^p140^l0^i20340
999    ^aทศพร เกษรทอง
รายการนี้ยังไม่มีแท็ก
คุณยังไม่ได้ล็อกอิน คุณสามารถมีกิจกรรมร่วมกับเว็บไซต์ได้ แต่ต้องล็อกอินก่อน ::
  ล็อกอิน

รายการสื่อสารสนเทศ

ลำดับที่ ประเภท เลขเรียก/บาร์โค้ด สถานที่ สถานะ
1. นวนิยาย
นวนิยาย
นว. ว298พ ฉ.1 
  Barcode: 20340
ห้องสมุดวิทยาเขตนครสวรรค์
►นวนิยาย:l:Fiction
บนชั้น
Note:บริจาค

รายการใกล้เคียง
    ผู้แต่ง [วรางคณา]

BibComment


ยังไม่เคยถูกคอมเมนท์

คอมเมนท์ทรัพยากรรายการนี้
  คอมเมนท์: พฤกษาพาฝัน วรางคณา


 Copyright 2026. Bcnsprnw @Library